000 00737cam a22002411 4500
001 5227
003 BD-RjUL
005 20211208234031.0
008 160804s1964 pk 000 0 eng
035 _a(BD-RjUL)5263
035 _a(OCoLC)17276183
040 _aDLC
_cICRL
_dICRL
_dDLC
_d(BD-RjUL)
_beng
041 _aeng
082 0 0 _a 346.066
_bCHC 1964
100 1 _aChaudhary, Abdul Ghafoor.
_916443
245 1 0 _aCompany law in Pakistan :
_ba commentary on the Companies act, 1913 /
_cby A.G. Chaudhary.
260 _aKarachi :
_bPakistan Pub. House,
_c[1964]
300 _aviii, 116 p. ;
_c26 cm.
650 0 _aCorporation law
_zPakistan.
_915091
740 0 _aCompanies act, 1913.
942 _2ddc
_cBK
999 _c5227
_d5227